Focus sur: Dolores Ombrage - Harry Potter - Statistiques

Statistiques générales
  • Ce quiz a été pris 623 fois
  • Le résultat moyen est 9 sur 13
Statistiques - réponses
Informations recherchées Réponses % Correct
Ecole fréquentée Poudlard
99%
Statut du sang Sang-Mêlé
98%
Profession Ministère de la Magie/Inquisitrice/Directrice/Professeure
97%
Maison fréquentée Serpentard
97%
Couleur des cheveux Châtain
94%
Première mention Harry Potter et l'Ordre du Phénix
92%
Lieu de rencontre avec Harry Potter Ministère de la Magie
91%
Patronus Chat
85%
Intérieur de la baguette Ventricule de cœur de dragon
59%
Actrice l'interprétant dans les films Imelda Staunton
29%
Bois de la baguette Bouleau
21%
Mère Ellen Cracknell
15%
Père Orford Ombrage
14%
Aucun quiz correspondant
Distribution des résultats
% des personnes avec chaque résultat
Percentile par nombre de réponses
Votre historique - résultats
Vous n’avez pas pris ce quiz